MARC details
| 000 -CABECERA |
| campo de control de longitud fija |
01456nam a2200265 a 4500 |
| 003 - IDENTIFICADOR DEL NÚMERO DE CONTROL |
| campo de control |
DO-SdBNP |
| 005 - FECHA Y HORA DE LA ÚLTIMA TRANSACCIÓN |
| campo de control |
20250123131622.0 |
| 007 - CAMPO FIJO DE DESCRIPCIÓN FÍSICA--INFORMACIÓN GENERAL |
| campo de control de longitud fija |
ta |
| 008 - DATOS DE LONGITUD FIJA--INFORMACIÓN GENERAL |
| campo de control de longitud fija |
100312s1996 dr r 001 0 spa d |
| 020 ## - NÚMERO INTERNACIONAL ESTÁNDAR DEL LIBRO |
| Número Internacional Estándar del Libro |
8492184558 |
| 040 ## - FUENTE DE LA CATALOGACIÓN |
| Centro catalogador/agencia de origen |
DO-SdBNP |
| Lengua de catalogación |
spa |
| Centro/agencia transcriptor |
BNPHU |
| 082 ## - NÚMERO DE LA CLASIFICACIÓN DECIMAL DEWEY |
| Número de clasificación |
xxxx |
| Número de documento/Ítem |
A367t |
| 100 1# - ENTRADA PRINCIPAL--NOMBRE DE PERSONA |
| Nombre de persona |
Alemán, José Luis, |
| 9 (RLIN) |
7046 |
| 245 10 - MENCIÓN DE TÍTULO |
| Título |
Tecnología, economía y educación en República Dominica / |
| Mención de responsabilidad, etc. |
José Luis Alemán; editores Rocio Hernández Mella, Marcos Villamán. |
| 260 ## - PUBLICACIÓN, DISTRIBUCIÓN, ETC. |
| Lugar de publicación, distribución, etc. |
Santo Domingo : |
| Nombre del editor, distribuidor, etc. |
FLACSO, |
| Fecha de publicación, distribución, etc. |
1996. |
| 300 ## - DESCRIPCIÓN FÍSICA |
| Extensión |
80 p. ; |
| Dimensiones |
28 cm. |
| 504 ## - NOTA DE BIBLIOGRAFÍA, ETC. |
| Nota de bibliografía, etc. |
Bibliografía p: 59-64 |
| 505 2# - NOTA DE CONTENIDO CON FORMATO |
| Título |
Presentación -- |
| -- |
Participantes en las reuniones especializadas, debates y foros -- |
| -- |
Introducción -- |
| -- |
Las instituciones "magnificas" -- |
| -- |
Modelos econométricos recientes sobre tecnología y economía -- |
| -- |
Políticas tecnológicas de crecimiento -- |
| -- |
Las opciones dominicanas -- |
| -- |
Bibliografía -- |
| -- |
Indotec en el proceso de desarrollo del capital humano -- |
| -- |
Recomendaciones para mejorar la calidad de la enseñanza de las ciencias naturales y la tecnología en el marco del nuevo currículo -- |
| -- |
Nivel institucional -- |
| -- |
Nivel del proceso enseñanza-aprendizaje -- |
| -- |
Nivel de extensión y actividades extranjeras / |
| 590 ## - NOTA LOCAL (RLIN) |
| Nota local |
Inventariado, 2022/ YL |
| 700 1# - PUNTO DE ACCESO ADICIONAL--NOMBRE DE PERSONA |
| Nombre de persona |
Hernández Mella, Rocio |
| Término indicativo de función/relación |
ed. |
| 9 (RLIN) |
12263 |
| 700 1# - PUNTO DE ACCESO ADICIONAL--NOMBRE DE PERSONA |
| Nombre de persona |
Villamán, Marcos, |
| Término indicativo de función/relación |
ed. |
| 9 (RLIN) |
760 |
| 710 1# - PUNTO DE ACCESO ADICIONAL--NOMBRE DE ENTIDAD CORPORATIVA |
| Nombre de entidad corporativa o nombre de jurisdicción como elemento de entrada |
Facultad Latinoamericana de Ciencias Sociales |
| 9 (RLIN) |
294 |
| 910 ## - DATOS DE OPCIÓN DEL USUARIO (OCLC) |
| Datos de opción del usuario |
YLockward |
| 942 ## - ELEMENTOS DE PUNTO DE ACCESO ADICIONAL (KOHA) |
| Fuente del sistema de clasificación o colocación |
Dewey Decimal Classification |
| Tipo de ítem Koha |
Libro |